| 000 | 00997cam a22003011 4500 | ||
|---|---|---|---|
| 005 | 20260322212023.0 | ||
| 008 | data | ||
| 010 | _a 55010320 | ||
| 040 |
_aDLC _cDLC _dMoSU-L _dICU _dMoSU-L |
||
| 041 | 1 |
_aeng _hgrc |
|
| 043 | _ae-gr--- | ||
| 050 | 0 | 0 |
_aAC1 _b.G72 vol. 11 |
| 082 | 0 | 0 | _a513 |
| 100 | 1 | _aEuclid. | |
| 240 | 1 | 0 |
_aElements. _lEnglish |
| 245 | 1 | 4 |
_aThe thirteen books of Euclid's Elements/ _cEuclid ... [et al.]. |
| 260 |
_aChicago, _bEncyclopaedia Britannica _c[1955, c1952] |
||
| 300 |
_axi, 848 p. _bdiagrs. _c25 cm. |
||
| 490 | 0 |
_aGreat books of the Western World, _vv. 11 |
|
| 650 | 0 | _aMathematics, Greek. | |
| 700 | 1 |
_aArchimedes. _tWorks. _f1955. |
|
| 700 | 1 |
_aApollonius, _cof Perga. _tKōnika. _lEnglish. _f1955. |
|
| 700 | 1 |
_aNicomachus, _cof Gerasa. _tIntroductio arithmetica. _lEnglish. _f1955. |
|
| 700 | 1 |
_aHeath, Thomas Little, _d1861-1940. _cSir, |
|
| 700 | 1 |
_aTaliaferro, R. Catesby _d1907- _q(Robert Catesby), |
|
| 700 | 1 |
_aD'Ooge, Martin Luther, _d1839-1915. |
|
| 001 | data | ||
| 999 |
_c522 _d522 |
||